000 00777nam a22001817a 4500
999 _c62501
_d62501
003 Ge_BSU
005 20241119121939.0
008 241119s1969 ge ||||| |||| 00| 0 geo d
041 _ageo
080 _a61(479.22)(092) მ-68
100 _aმინდაძე, ალექსი.
_923738
245 _aპეტრე ქავთარაძე : [მონოგრაფია ნევროპათოლოგზე] /
_cალექსი მინდაძე.
264 _aთბილისი :
_bმეცნიერება,
_c1969.
300 _a88 გვ. :
_bპორტრ. და ილ. ;
_c 21 სმ.
653 _aქართველი ნევროპათოლოგები.
653 _aმედიცინა
942 _2udc
_cBK